000
00294nam a22001337a 4500
008
170208b xxu||||| |||| 00| 0 eng d
020
_a
0827350104
041
_a
eng
080
_2
4ED
_a
61
100
_a
4
101
_a
SHM
245
_a
INTRODUCTION HEALTH SERVICRS
_c
WILLIAMS
942
_2
udc
_c
BK
999
_c
4911
_d
4911